ARMSTRONG'S HAND BOOK OF HUMAN RESOURCE MANAGEMENT PRACTICE (Record no. 7882)

MARC details
000 -LEADER
fixed length control field 00580nam a22002057a 4500
003 - CONTROL NUMBER IDENTIFIER
control field OSt
005 - DATE AND TIME OF LATEST TRANSACTION
control field 20220420130108.0
008 - FIXED-LENGTH DATA ELEMENTS--GENERAL INFORMATION
fixed length control field 220420b ||||| |||| 00| 0 eng d
020 ## - INTERNATIONAL STANDARD BOOK NUMBER
International Standard Book Number 9780749469641
040 ## - CATALOGING SOURCE
Transcribing agency DDC
082 ## - DEWEY DECIMAL CLASSIFICATION NUMBER
Classification number 658.3,ARM,2014
100 ## - MAIN ENTRY--PERSONAL NAME
Personal name ARMSTRONG MICHEAL
9 (RLIN) 5965
245 ## - TITLE STATEMENT
Title ARMSTRONG'S HAND BOOK OF HUMAN RESOURCE MANAGEMENT PRACTICE
250 ## - EDITION STATEMENT
Edition statement 13TH ED
260 ## - PUBLICATION, DISTRIBUTION, ETC. (IMPRINT)
Place of publication, distribution, etc. LONDON
Name of publisher, distributor, etc. KOGANPAGE LMTD
Date of publication, distribution, etc. 2014
300 ## - PHYSICAL DESCRIPTION
Extent XXIV,842P.
Other physical details COL ILL;
Dimensions 24.2CM
504 ## - BIBLIOGRAPHY, ETC. NOTE
Bibliography, etc INCLUDES INDEX
650 ## - SUBJECT ADDED ENTRY--TOPICAL TERM
Topical term or geographic name as entry element PERSONAL MANAGEMENT HAND BOOK MANNUAL
9 (RLIN) 16016
942 ## - ADDED ENTRY ELEMENTS (KOHA)
Source of classification or shelving scheme Dewey Decimal Classification
Koha item type Book
Holdings
Withdrawn status Lost status Source of classification or shelving scheme Damaged status Not for loan Home library Current library Date acquired Source of acquisition Inventory number Total Checkouts Full call number Barcode Date last seen Price effective from Koha item type
    Dewey Decimal Classification     Faculty of Management Science Library Faculty of Management Science Library 20/04/2022 Purchase 15/4804   658.3,ARM,2014 2022-0657 20/04/2022 20/04/2022 Book
    Dewey Decimal Classification     Faculty of Management Science Library Faculty of Management Science Library 20/04/2022 Purchase 15/4803   658.3,ARM,2014 2022-0658 20/04/2022 20/04/2022 Book